00385nam a22001217a 4500020002200000041001200022082001600034100003900050245008500089260003600174300000800210650004500218 a978-93-86516-41-1 aEnglish a291.172 AMA aAmaladass, Anand and Edwin, Victor aLord The Air Smells Good: Felicitation Volume in Honour of Fr. Paul Jackson S.J. aBengalurubATC Publishersc2018 a298 aInterfaith Dialogue-Christian and Muslim